Análisis comparativo entre dos aceros para utilizarse en la fabricación de rolas

Enregistré dans:
Détails bibliographiques
Auteur principal: Quirós Strunz, Juan Pablo
Format: Livre
Publié: [San José , Costa Rica] 1993
Sujets:
Tags: Ajouter un tag
Pas de tags, Soyez le premier à ajouter un tag!

MARC

LEADER 00000nam a2200000Ia 4500
003 006002
005 20221231144317.0
008 140114s1993 cr a m 000 ||s d
040 |c cru CEDI 
090 |a TFG 2707 
100 |a Quirós Strunz, Juan Pablo  |9 12115 
245 |a Análisis comparativo entre dos aceros para utilizarse en la fabricación de rolas 
260 |c 1993  |a [San José , Costa Rica] 
300 |a  105 hojas : ilustraciones (algunas a color) ; 28 cm.  
500 |a  Práctica dirigida (licenciatura en ingeniería mecánica)--Universidad de Costa Rica. Facultad de Ingeniería. Escuela de Ingeniería Mecánica 
650 |x TRATAMIENTO TERMICO DE METALES  |9 12116 
942 |c TFG  |2 ddc 
999 |c 19950  |d 19950